| 000 | 00969nam a2200229 a 4500 | ||
|---|---|---|---|
| 001 | BRCA_8832 | ||
| 005 | 20190320210429.0 | ||
| 008 | 050517s1750----sp-#######---#000-0#spa-# | ||
| 041 | _aspa | ||
| 044 | _asp | ||
| 084 |
_aBE213 _b.C38 1750 |
||
| 100 | 1 |
_aCausino, Nicolas _d1583 - 1651 _922010 |
|
| 245 | 1 | 0 |
_aLa corte santa _cescrita en francés por el Rmo. P. Nicolas Causino; traducida en castellano por D. Pedro Gonzalez de Godoy; tomo diez y seis, en que se trata del reyno de Dios, y se prosigue las disertaciones sobre los libros de los reyes. |
| 260 |
_aMadrid _bEn la Imprenta de Antonio Perez de Soto _c1750 |
||
| 300 |
_a[4], 432 p. (t.16) _c15.1 x 10.5 cm. |
||
| 500 | _aCon las Aprobaciones, y Licencias necessarias | ||
| 500 | _aEstado físico: presenta encuadernación en pergamino, con cintas rotas | ||
| 650 | 1 | 4 |
_aVida cristiana _yObras anteriores a 1800 _921266 |
| 700 | 1 |
_aGonzales de Godoy, Pedro _etr. _922011 |
|
| 902 | _aCFM | ||
| 942 |
_2lcc _cB |
||
| 999 |
_c8483 _d8483 |
||